| 000 | 01073cad a22002775a 4500 | ||
|---|---|---|---|
| 001 | E151754 | ||
| 008 | 101207s2010 xxk f 100 0 eng d | ||
| 020 | _a9781842196199 | ||
| 035 | _a(Sirsi) u151754 | ||
| 041 | 0 | _aeng | |
| 100 | 1 | _aKonanahalli, Ashwini | |
| 111 | 2 |
_aConstruction and Building Research Conference _cDauphine Universite, Paris _d2-3 September 2010 |
|
| 245 | 0 | 0 |
_aCross-cultural intelligence (cq) _bits impact on expatriate adjustment on international construction projects _h[electronic resource] |
| 260 |
_aLondon _bRICS _c2010 |
||
| 520 | _aA paper presented at the COBRA Conference in Paris on 2-3 September 2010. | ||
| 590 | _aKA | ||
| 650 | 2 | 4 | _aCONSTRUCTION AND BUILDING RESEARCH CONFERENCE (COBRA) |
| 651 | 4 | _aInternational | |
| 690 |
_aConstruction management _96230 |
||
| 700 | 1 | _aOyedele, Lukumon | |
| 700 | 1 | _aVon Meding, Jason Kyle | |
| 700 | 1 | _aMcKenna, Enda | |
| 700 | 1 | _aSpillane, John | |
| 856 | 4 | 0 |
_uhttps://www.rics.org/site/scripts/download_info.aspx?fileID=7933&categoryID=720 _zBroken link - not available |
| 942 | _n0 | ||
| 999 |
_c111596 _d111596 |
||